Understanding and using advanced statistics (Record no. 60662)

MARC details
000 -LEADER
fixed length control field 00776nam a2200193 a 4500
008 - FIXED-LENGTH DATA ELEMENTS--GENERAL INFORMATION
fixed length control field 101020s2006 ||||||||||||||||| || u
020 ## - INTERNATIONAL STANDARD BOOK NUMBER
International Standard Book Number 141290014X
050 ## - LIBRARY OF CONGRESS CALL NUMBER
Classification number HA 29 Fos
100 ## - MAIN ENTRY--PERSONAL NAME
Personal name Foster, Jeremy
245 10 - TITLE STATEMENT
Title Understanding and using advanced statistics
Statement of responsibility, etc. Jeremy Foster, Emma Barkus, Christian Yavorsky
260 ## - PUBLICATION, DISTRIBUTION, ETC.
Place of publication, distribution, etc. London
Name of publisher, distributor, etc. SAGE Publications
Date of publication, distribution, etc. 2006
300 ## - PHYSICAL DESCRIPTION
Extent xiii, 178p.: ill.
350 ## - PRICE (NR) (BK AM CF MU VM SE) [OBSOLETE]
Price 0.00
650 ## - SUBJECT ADDED ENTRY--TOPICAL TERM
Topical term or geographic name entry element SOCIAL SCIENCES--STATISTICAL METHODS--COMPUTER PROGRAM--EXERCISES, PROBLEMS, ETC
650 #3 - SUBJECT ADDED ENTRY--TOPICAL TERM
Topical term or geographic name entry element P0PULATION STATISTICS
700 ## - ADDED ENTRY--PERSONAL NAME
Personal name Barkus, Emma
700 ## - ADDED ENTRY--PERSONAL NAME
Personal name Yavorsky, Christian
995 ## - RECOMMENDATION 995 [LOCAL, UNIMARC FRANCE]
-- 0.00
-- CBU-MAIN LIBRARY (Kitwe)
-- 1
-- 0.00
-- 1
-- AVAILABLE
-- Jan 4, 2011
-- Main Library Open Access Collection
Holdings
Withdrawn status Lost status Source of classification or shelving scheme Damaged status Not for loan Home library Current library Shelving location Date acquired Total Checkouts Full call number Barcode Date last seen Price effective from Koha item type
          CBU-MAIN LIBRARY, KITWE. CBU-MAIN LIBRARY, KITWE.   11/30/2022   HA 29 Fos 741905 11/30/2022 11/30/2022 MONOGRAPH